00576nam a2200181Ia 450000500170000000800410001702000270005804000190008504100120010408200170011624500880013326000280022130000150024950400480026465000320031270000400034485000100038420230506103454.0131103s9999 xx 000 0 und d a0 7100 7282 1cP.B.G.4 aLoreto College aEnglish a823.809bCAZ 4aThe Social novel in England 1830 - 1850cTranslated by Louis Cazamian & Martin Fido aLondonbRoutledgec1973 axii,369p.  aIncludes bibliographical references & index aEnglish fiction - criticism aCazamian, Louis & Fido, Martin ; tr aLCLIB